Library Banner

A beginner's guide to structural equation modeling (Record no. 64590)

MARC details
000 -LEADER
fixed length control field 00582nam a2200205Ia 4500
001 - CONTROL NUMBER
control field 63936
008 - FIXED-LENGTH DATA ELEMENTS--GENERAL INFORMATION
fixed length control field 150109s9999 xx 000 0 und d
020 ## - INTERNATIONAL STANDARD BOOK NUMBER
International Standard Book Number 9781841698915
040 ## - CATALOGING SOURCE
Transcribing agency PK-LaUMT
082 ## - DEWEY DECIMAL CLASSIFICATION NUMBER
Classification number 519.53
Item number SCH-B
100 ## - MAIN ENTRY--PERSONAL NAME
Personal name Schumacker, Randall E., J. Ed.
245 #2 - TITLE STATEMENT
Title A beginner's guide to structural equation modeling
Statement of responsibility, etc Schumacker, Randall E., J. Ed.|Lomax, Richard G
250 ## - EDITION STATEMENT
Edition statement 3rd
260 ## - PUBLICATION, DISTRIBUTION, ETC. (IMPRINT)
Place of publication, distribution, etc New York,USA:
Name of publisher, distributor, etc Routledge,
Date of publication, distribution, etc 2010
300 ## - PHYSICAL DESCRIPTION
Extent 510 p.
546 ## - LANGUAGE NOTE
Language note EN
650 ## - SUBJECT ADDED ENTRY--TOPICAL TERM
Topical term or geographic name as entry element Structural equation medeling
700 ## - ADDED ENTRY--PERSONAL NAME
Personal name Lomax, Richard G
942 ## - ADDED ENTRY ELEMENTS (KOHA)
Koha item type Books
Holdings
Withdrawn status Lost status Damaged status Not for loan Home library Current library Date acquired Total Checkouts Full call number Barcode Date last seen Date checked out Price effective from Koha item type
        UMT Main Campus UMT Main Campus 2015-01-09 4 519.53 SCH-B 87898 2022-05-27 2022-04-21 2015-01-09 Books